<?xml version="1.0" encoding="UTF-8"?>
<record
    xmlns:xsi="http://www.w3.org/2001/XMLSchema-instance"
    xsi:schemaLocation="http://www.loc.gov/MARC21/slim http://www.loc.gov/standards/marcxml/schema/MARC21slim.xsd"
    xmlns="http://www.loc.gov/MARC21/slim">

  <leader>03886nam a22005415i 4500</leader>
  <datafield tag="999" ind1=" " ind2=" ">
    <subfield code="c">27371</subfield>
    <subfield code="d">27371</subfield>
  </datafield>
  <controlfield tag="001">978-1-84882-997-8</controlfield>
  <controlfield tag="003">DE-He213</controlfield>
  <controlfield tag="005">20240716161846.0</controlfield>
  <controlfield tag="006">a|||||o|||| 00| 0 </controlfield>
  <controlfield tag="007">cr nn 008mamaa</controlfield>
  <controlfield tag="008">100406s2010    xxk|    s    |||| 0|eng d</controlfield>
  <datafield tag="020" ind1=" " ind2=" ">
    <subfield code="a">9781848829978</subfield>
  </datafield>
  <datafield tag="024" ind1="7" ind2=" ">
    <subfield code="a">10.1007/978-1-84882-997-8</subfield>
    <subfield code="2">doi</subfield>
  </datafield>
  <datafield tag="040" ind1=" " ind2=" ">
    <subfield code="c">imu-kc</subfield>
  </datafield>
  <datafield tag="050" ind1=" " ind2="4">
    <subfield code="a">HD28-70</subfield>
  </datafield>
  <datafield tag="072" ind1=" " ind2="7">
    <subfield code="a">TBC</subfield>
    <subfield code="2">bicssc</subfield>
  </datafield>
  <datafield tag="072" ind1=" " ind2="7">
    <subfield code="a">KJM</subfield>
    <subfield code="2">bicssc</subfield>
  </datafield>
  <datafield tag="072" ind1=" " ind2="7">
    <subfield code="a">TEC000000</subfield>
    <subfield code="2">bisacsh</subfield>
  </datafield>
  <datafield tag="072" ind1=" " ind2="7">
    <subfield code="a">TBC</subfield>
    <subfield code="2">thema</subfield>
  </datafield>
  <datafield tag="072" ind1=" " ind2="7">
    <subfield code="a">KJM</subfield>
    <subfield code="2">thema</subfield>
  </datafield>
  <datafield tag="082" ind1="0" ind2="4">
    <subfield code="a">658.5</subfield>
    <subfield code="2">23</subfield>
  </datafield>
  <datafield tag="100" ind1="1" ind2=" ">
    <subfield code="a">Lun, Yuen Ha (Venus).</subfield>
    <subfield code="e">author.</subfield>
    <subfield code="4">aut</subfield>
    <subfield code="4">http://id.loc.gov/vocabulary/relators/aut</subfield>
  </datafield>
  <datafield tag="245" ind1="1" ind2="0">
    <subfield code="a">Shipping and Logistics Management</subfield>
    <subfield code="h">[electronic resource] /</subfield>
    <subfield code="c">by Yuen Ha (Venus) Lun, Kee Hung Lai, Tai Chiu Edwin Cheng.</subfield>
  </datafield>
  <datafield tag="250" ind1=" " ind2=" ">
    <subfield code="a">1st ed. 2010.</subfield>
  </datafield>
  <datafield tag="264" ind1=" " ind2="1">
    <subfield code="a">London :</subfield>
    <subfield code="b">Springer London :</subfield>
    <subfield code="b">Imprint: Springer,</subfield>
    <subfield code="c">2010.</subfield>
  </datafield>
  <datafield tag="300" ind1=" " ind2=" ">
    <subfield code="a">XV, 238 p.</subfield>
    <subfield code="b">online resource.</subfield>
  </datafield>
  <datafield tag="336" ind1=" " ind2=" ">
    <subfield code="a">text</subfield>
    <subfield code="b">txt</subfield>
    <subfield code="2">rdacontent</subfield>
  </datafield>
  <datafield tag="337" ind1=" " ind2=" ">
    <subfield code="a">computer</subfield>
    <subfield code="b">c</subfield>
    <subfield code="2">rdamedia</subfield>
  </datafield>
  <datafield tag="338" ind1=" " ind2=" ">
    <subfield code="a">online resource</subfield>
    <subfield code="b">cr</subfield>
    <subfield code="2">rdacarrier</subfield>
  </datafield>
  <datafield tag="347" ind1=" " ind2=" ">
    <subfield code="a">text file</subfield>
    <subfield code="b">PDF</subfield>
    <subfield code="2">rda</subfield>
  </datafield>
  <datafield tag="505" ind1="0" ind2=" ">
    <subfield code="a">International Trade and Shipping -- Freight Rate Mechanism -- Bulk Shipping Market -- Container Shipping Market -- Business Strategy in Shipping -- Growth of Firms -- Fleet Mix Decision -- Liner Shipping Network -- Container Transport Chain -- Intermodal Transport System -- Managing Empty Containers -- Container Transport Security -- Port Operations -- Managing Container Terminals -- Agile Port -- Port Development.</subfield>
  </datafield>
  <datafield tag="520" ind1=" " ind2=" ">
    <subfield code="a">The term &#x2018;shipping&#x2019; has evolved from its original relationship to ships and seaborne trade, to encompass any mode of transport that moves goods between two points. The implication of the extended meaning of &#x2018;shipping&#x2019; is that the shipping industry has become more complex, as well as more dynamic. Traditionally, the theory and knowledge of shipping management and operations are transferred in the workplace, from practitioners to newcomers; little has been systemically organized and published in books. Shipping and Logistics Management serves to consolidate the knowledge its authors have acquired from being educators and observers of the shipping industry. Against the background of a global business environment, it explains how the shipping market functions, examining the strategic and operational issues that affect entrepreneurs in this industry. The authors discuss global trends and strategies in the shipping business, looking at the role of logistics service providers and at how the use of information technology can help shipping operations. Shipping and Logistics Management also aims to answer several important questions in the shipping industry, including: &#x2022; What are the shipping markets? &#x2022; How are freight rates determined? &#x2022; What are the shipping cost structures? &#x2022; What are the patterns of sea transport? and &#x2022; How do companies in the shipping industry operate? An invaluable source of information for researchers and advanced, or graduate, students, Shipping and Logistics Management is also a useful reference for shipping practitioners and consultants.</subfield>
  </datafield>
  <datafield tag="650" ind1=" " ind2="0">
    <subfield code="a">Industrial Management.</subfield>
  </datafield>
  <datafield tag="650" ind1=" " ind2="0">
    <subfield code="a">Production management.</subfield>
  </datafield>
  <datafield tag="650" ind1="1" ind2="4">
    <subfield code="a">Industrial Management.</subfield>
  </datafield>
  <datafield tag="650" ind1="2" ind2="4">
    <subfield code="a">Operations Management.</subfield>
  </datafield>
  <datafield tag="700" ind1="1" ind2=" ">
    <subfield code="a">Lai, Kee Hung.</subfield>
    <subfield code="e">author.</subfield>
    <subfield code="4">aut</subfield>
    <subfield code="4">http://id.loc.gov/vocabulary/relators/aut</subfield>
  </datafield>
  <datafield tag="700" ind1="1" ind2=" ">
    <subfield code="a">Cheng, Tai Chiu Edwin.</subfield>
    <subfield code="e">author.</subfield>
    <subfield code="4">aut</subfield>
    <subfield code="4">http://id.loc.gov/vocabulary/relators/aut</subfield>
  </datafield>
  <datafield tag="710" ind1="2" ind2=" ">
    <subfield code="a">SpringerLink (Online service)</subfield>
  </datafield>
  <datafield tag="773" ind1="0" ind2=" ">
    <subfield code="t">Springer Nature eBook</subfield>
  </datafield>
  <datafield tag="776" ind1="0" ind2="8">
    <subfield code="i">Printed edition:</subfield>
    <subfield code="z">9781849960038</subfield>
  </datafield>
  <datafield tag="776" ind1="0" ind2="8">
    <subfield code="i">Printed edition:</subfield>
    <subfield code="z">9781447157878</subfield>
  </datafield>
  <datafield tag="776" ind1="0" ind2="8">
    <subfield code="i">Printed edition:</subfield>
    <subfield code="z">9781848829961</subfield>
  </datafield>
  <datafield tag="856" ind1="4" ind2="0">
    <subfield code="u">https://doi.org/10.1007/978-1-84882-997-8</subfield>
  </datafield>
  <datafield tag="942" ind1=" " ind2=" ">
    <subfield code="2">ddc</subfield>
    <subfield code="c">EBK</subfield>
  </datafield>
</record>
